| 000 | 00386nam a2200157Ia 4500 | ||
|---|---|---|---|
| 008 | 230711s9999||||xx |||||||||||||| ||und|| | ||
| 041 | _aENG | ||
| 082 |
_a5 _bCO-S |
||
| 100 | _aCooper,Herbert L. | ||
| 245 | 4 | _aThe spirit of C | |
| 250 | _a4th Ed. | ||
| 260 |
_c1987 _aNew Delhi _bJaico Books Publishing House |
||
| 650 | _aComputer Engineering | ||
| 700 | _aMullish,Henry | ||
| 942 | _cBK | ||
| 999 |
_c592 _d592 |
||